Lean On - feat. M & DJ Snake (all lyrics) - Statistics

General Stats
  • This quiz has been taken 61 times
  • The average score is 215 of 298
Answer Stats
Answer % Correct
a
96%
on
94%
on,
94%
We
92%
we
92%
(We
92%
to
90%
All
88%
lean
88%
long
88%
the
88%
you
88%
Do
83%
do
83%
fire
83%
need
83%
ago
81%
Blow
81%
kiss,
79%
walk
79%
and
77%
each
77%
gun
77%
not
77%
recall,
77%
side?
77%
was
77%
were
77%
care
75%
for
75%
go
75%
other
75%
somebody
75%
someone
75%
would
75%
is
73%
night
73%
sidewalk?
73%
when
73%
When
73%
young
73%
did
71%
Innocent,
71%
remember?
71%
bold
69%
around,
67%
blows
67%
let
67%
wind
67%
only
58%
What
56%
But
54%
hold
54%
be
48%
come
48%
down
48%
get
48%
my
48%
old?
48%
same
48%
will
48%
Will
48%
home
44%
warm
44%
by
42%
Oh,
40%
road?
40%
there
35%
as
31%
over
31%
are
29%
roll
29%
Standin'
29%
strong
29%
waves
29%
(hey)
27%
hey)
27%
(Hey,
27%
hey,
27%
(hey,
27%
Longing
25%
nights
25%
Lazer,
8%
(Major
8%
A-a-all
6%
oh-oh
4%
No matching quizzes found
Score Distribution
Percent of People with Each Score
Percentile by Number Answered
Your Score History
You have not taken this quiz